书目信息 |
| 题名: |
学术规范通论
|
|
| 作者: | 叶继元 编著 | |
| 分册: | ||
| 出版信息: | 上海 华东师范大学出版社 2005 |
|
| 页数: | 326页 | |
| 开本: | 24cm | |
| 丛书名: | ||
| 单 册: | ||
| 中图分类: | G31 | |
| 科图分类: | ||
| 主题词: | 学术工作--规范--中国--高等学校--教材 , 学术工作 | |
| 电子资源: | ||
| ISBN: | 7-5617-4341-6 | |
| 000 | 00767nam0 2200241 450 | |
| 001 | 1238710852 | |
| 005 | 20121005104557.98 | |
| 010 | @a7-5617-4341-6@dCNY29.00 | |
| 100 | @a20050919d2005 em y0chiy50 ea | |
| 101 | 0 | @achi |
| 102 | @aCN@b310000 | |
| 105 | @ay z 000yy | |
| 200 | 1 | @a学术规范通论@Axue shu gui fan tong lun@f叶继元等编著 |
| 210 | @a上海@c华东师范大学出版社@d2005 | |
| 215 | @a326页@d24cm | |
| 300 | @a大师高校教材 | |
| 330 | @a本书介绍了学术规范的基本知识和最新进展,着重讲述了学术研究、学术规范的概念、学者治学的素质、学术忠诚与道德等。 | |
| 606 | 0 | @a学术工作@x规范@y中国@x高等学校@j教材 |
| 606 | 0 | @a学术工作 |
| 690 | @aG31@v4 | |
| 701 | 0 | @a叶继元@Aye ji yuan@f(1955~)@4编著 |
| 801 | 0 | @aCN@bNLC@c20101222 |
| 905 | @a10447@dG31@eJY18 | |
| 学术规范通论/叶继元等编著.-上海:华东师范大学出版社,2005 |
| 326页;24cm |
| 大师高校教材 |
| ISBN 7-5617-4341-6:CNY29.00 |
| 本书介绍了学术规范的基本知识和最新进展,着重讲述了学术研究、学术规范的概念、学者治学的素质、学术忠诚与道德等。 |
| ● |
| 相关链接 |
|
|
|
|
正题名:学术规范通论
索取号:G31/JY18
 
预约/预借
| 序号 | 登录号 | 条形码 | 馆藏地/架位号 | 状态 | 备注 |
| 1 | 7805049 | 278050494 | 学院路分馆/ [索取号:G31/JY18] | 在馆 | |
| 2 | 7805050 | 278050500 | 学院路分馆/ [索取号:G31/JY18] | 在馆 | |
| 3 | 7805051 | 278050519 | 学院路分馆/ [索取号:G31/JY18] | 在馆 | |
| 4 | 7805052 | 278050528 | 学院路分馆/ [索取号:G31/JY18] | 在馆 |